000 00389nam a22001577a 4500
008 250523b |||||||| |||| 00| 0 eng d
020 _a9788122507935
050 _aGA340
_b.S53
100 _aSiddhartha, K.
245 _aGeography through maps
250 _a13th
260 _aNew delhi
_bKitab mahal
_c2021
300 _ac-16, 519
_bill
650 _acities and towns maps
942 _cBK
999 _c3630
_d3630